00697 2200241 4500001002100000005001500021035002000036007000300056008004100059020002200100082001000122084001600132100001500148245009600163250001000259260004700269300003200316650003100348700002400379520003000403990001100433990001100444INLIS00000000000339220090103011952 a0010-0109000055ta090103 g 0 ind  a978-602-7996-41-0 a613.2 a613.2 TON a0 aTONY, Sarr1 aAwas, Ini Dia Buah, Sayur, dan Herbal Beracun! /cTony Sarr; penyunting, Chrisna Farmadiani acet.1 aYogyakarta :bTrans Idea Publishing,c2017 a143 hlm. :bilus. ;c23 cm. 4aKESEHATAN.BUAH DAN SAYURAN0 aCHRISNA, Farmadiani aBibliografi: hlm. 141-143 a6592 a a6592 b